| 000 | 04238nam a22006135i 4500 | ||
|---|---|---|---|
| 001 | 978-3-319-63901-7 | ||
| 003 | DE-He213 | ||
| 005 | 20210118141713.0 | ||
| 007 | cr nn 008mamaa | ||
| 008 | 170802s2017 gw | s |||| 0|eng d | ||
| 020 |
_a9783319639017 _9978-3-319-63901-7 |
||
| 024 | 7 |
_a10.1007/978-3-319-63901-7 _2doi |
|
| 050 | 4 | _aQC793-793.5 | |
| 050 | 4 | _aQC174.45-174.52 | |
| 072 | 7 |
_aPHQ _2bicssc |
|
| 072 | 7 |
_aSCI051000 _2bisacsh |
|
| 072 | 7 |
_aPHQ _2thema |
|
| 082 | 0 | 4 |
_a539.72 _223 |
| 100 | 1 |
_aBiondini, Simone. _eauthor. _4aut _4http://id.loc.gov/vocabulary/relators/aut |
|
| 245 | 1 | 0 |
_aEffective Field Theories for Heavy Majorana Neutrinos in a Thermal Bath _h[electronic resource] / _cby Simone Biondini. |
| 250 | _a1st ed. 2017. | ||
| 264 | 1 |
_aCham : _bSpringer International Publishing : _bImprint: Springer, _c2017. |
|
| 300 |
_aXIII, 215 p. 86 illus., 65 illus. in color. _bonline resource. |
||
| 336 |
_atext _btxt _2rdacontent |
||
| 337 |
_acomputer _bc _2rdamedia |
||
| 338 |
_aonline resource _bcr _2rdacarrier |
||
| 347 |
_atext file _bPDF _2rda |
||
| 490 | 1 |
_aSpringer Theses, Recognizing Outstanding Ph.D. Research, _x2190-5053 |
|
| 505 | 0 | _aBaryon Asymmetry in the Early Universe -- Baryogenesis via Leptogenesis -- Effective Field Theories -- Thermal Field Theory in a Nutshell -- EFT Approach for Right-handed Neutrinos in a Thermal Bath -- CP Asymmetries at Finite Temperature: the Nearly Degenerate Case -- CP Asymmetries at Finite Temperature: the Hierarchical Case -- Flavoured CP Asymmetries. | |
| 520 | _aThis thesis discusses the construction of an effective field theory (EFT) for non-relativistic Majorana fermions, shows how to use it to calculate observables in a thermal medium, and derives the effects of these thermal particles on the CP asymmetry. The methods described in this thesis are the only ones to date that allow a systematic and effective description of the non-relativistic dynamics of a heavy Majorana fermion at finite temperature. The CP asymmetry is studied for hierarchical and nearly degenerate heavy-neutrino masses and the analysis includes the treatment of lepton-flavor effects. Heavy Majorana neutrinos are involved in many scenarios of physics beyond the standard model and, in the leptogenesis framework, they are at the root of the baryon asymmetry in the Universe. Besides simplifying existing results, the EFT approach provides useful tools for addressing even more involved observables. Indeed, taken together, the approach and the material pres ented here represent an important step toward a systematic improvement of our knowledge of the CP asymmetry in heavy-neutrino decays at finite temperature. | ||
| 650 | 0 | _aElementary particles (Physics). | |
| 650 | 0 | _aQuantum field theory. | |
| 650 | 0 | _aCosmology. | |
| 650 | 0 | _aString theory. | |
| 650 | 1 | 4 |
_aElementary Particles, Quantum Field Theory. _0http://scigraph.springernature.com/things/product-market-codes/P23029 |
| 650 | 2 | 4 |
_aCosmology. _0http://scigraph.springernature.com/things/product-market-codes/P22049 |
| 650 | 2 | 4 |
_aQuantum Field Theories, String Theory. _0http://scigraph.springernature.com/things/product-market-codes/P19048 |
| 710 | 2 | _aSpringerLink (Online service) | |
| 773 | 0 | _tSpringer eBooks | |
| 776 | 0 | 8 |
_iPrinted edition: _z9783319639000 |
| 776 | 0 | 8 |
_iPrinted edition: _z9783319639024 |
| 776 | 0 | 8 |
_iPrinted edition: _z9783319876665 |
| 830 | 0 |
_aSpringer Theses, Recognizing Outstanding Ph.D. Research, _x2190-5053 |
|
| 856 | 4 | 0 | _uhttps://doi.org/10.1007/978-3-319-63901-7 |
| 912 | _aZDB-2-PHA | ||
| 999 |
_c450356 _d450356 |
||
| 942 | _cEB | ||
| 506 | _aAvailable to subscribing member institutions only. Доступно лише організаціям членам підписки. | ||
| 506 | _fOnline access from local network of NaUOA. | ||
| 506 | _fOnline access with authorization at https://link.springer.com/ | ||
| 506 | _fОнлайн-доступ з локальної мережі НаУОА. | ||
| 506 | _fОнлайн доступ з авторизацією на https://link.springer.com/ | ||